[Event "English Schools Championship Final 2024"]
[Site "Nottingham University Kings Meadow Campus, United Kingdom"]
[Date "2024.06.27"]
[Round "1.57"]
[White "Vaidyanathan, Sathya"]
[Black "Wu, Nathaniel"]
[Result "1-0"]
[TimeControl "G50' + 10\" per move."]
[WhiteFideId "490539"]
[BlackFideId "343449000"]
[WhiteElo "1881"]
[BlackElo "1447"]

1. e4 {[%clk 00:50:18]} {[%emt 00:00:02]} c6 {[%clk 00:50:19]} {[%emt
00:00:02]} 2. d4 {[%clk 00:50:24]} {[%emt 00:00:04]} d5 {[%clk 00:50:08]}
{[%emt 00:00:21]} 3. exd5 {[%clk 00:50:33]} {[%emt 00:00:01]} cxd5 {[%clk
00:50:13]} {[%emt 00:00:05]} 4. Bd3 {[%clk 00:50:43]} Nc6 {[%clk 00:50:02]}
{[%emt 00:00:21]} 5. c3 {[%clk 00:50:52]} Nf6 {[%clk 00:49:44]} {[%emt
00:00:28]} 6. Bf4 {[%clk 00:50:58]} {[%emt 00:00:03]} e6 {[%clk 00:48:56]}
{[%emt 00:00:59]} 7. Nf3 {[%clk 00:50:28]} {[%emt 00:00:40]} Be7 {[%clk
00:47:01]} {[%emt 00:02:04]} 8. Nbd2 {[%clk 00:50:35]} {[%emt 00:00:04]} O-O
{[%clk 00:46:14]} {[%emt 00:00:57]} 9. O-O {[%clk 00:50:41]} {[%emt 00:00:03]}
Nh5 {[%clk 00:45:21]} {[%emt 00:01:02]} 10. Bg3 {[%clk 00:46:59]} {[%emt
00:03:54]} Nxg3 {[%clk 00:45:06]} {[%emt 00:00:25]} 11. fxg3 {[%clk 00:46:44]}
{[%emt 00:00:24]} a5 {[%clk 00:42:57]} {[%emt 00:02:20]} 12. a4 {[%clk
00:44:36]} {[%emt 00:02:18]} Qb6 {[%clk 00:41:58]} {[%emt 00:01:09]} 13. Qc2
{[%clk 00:42:42]} {[%emt 00:02:03]} h6 {[%clk 00:41:32]} {[%emt 00:00:36]} 14.
Rae1 {[%clk 00:42:20]} {[%emt 00:00:33]} Bd7 {[%clk 00:39:15]} {[%emt
00:02:27]} 15. Bh7+ {[%clk 00:41:10]} {[%emt 00:01:20]} Kh8 {[%clk 00:39:00]}
{[%emt 00:00:24]} 16. Bd3 {[%clk 00:40:19]} {[%emt 00:01:01]} Rac8 {[%clk
00:38:28]} {[%emt 00:00:42]} 17. Ne5 {[%clk 00:29:13]} {[%emt 00:11:16]} Nxe5
{[%clk 00:36:24]} {[%emt 00:02:15]} 18. Rxe5 {[%clk 00:29:04]} {[%emt
00:00:19]} Bf6 {[%clk 00:36:13]} {[%emt 00:00:21]} 19. Rxf6 {[%clk 00:27:32]}
{[%emt 00:01:42]} gxf6 {[%clk 00:36:09]} {[%emt 00:00:13]} 20. Rh5 {[%clk
00:26:37]} {[%emt 00:01:06]} Kg7 {[%clk 00:31:22]} {[%emt 00:04:56]} 21. Kh1
{[%clk 00:19:21]} {[%emt 00:07:26]} Rh8 {[%clk 00:25:45]} {[%emt 00:05:48]} 22.
Nf1 {[%clk 00:17:29]} {[%emt 00:02:02]} f5 {[%clk 00:23:24]} {[%emt 00:02:31]}
23. Qe2 {[%clk 00:17:11]} {[%emt 00:00:28]} Qd6 {[%clk 00:21:23]} {[%emt
00:02:10]} 24. g4 {[%clk 00:16:06]} {[%emt 00:01:16]} Rcg8 {[%clk 00:18:55]}
{[%emt 00:02:37]} 25. gxf5 {[%clk 00:13:39]} {[%emt 00:02:38]} exf5 {[%clk
00:18:46]} {[%emt 00:00:19]} 26. Bxf5 {[%clk 00:08:45]} {[%emt 00:05:04]} Bxf5
{[%clk 00:18:37]} {[%emt 00:00:19]} 27. Rxf5 {[%clk 00:08:50]} {[%emt
00:00:04]} Kf8 {[%clk 00:18:13]} {[%emt 00:00:35]} 28. Re5 {[%clk 00:06:53]}
{[%emt 00:02:07]} Qd7 {[%clk 00:17:59]} {[%emt 00:00:20]} 29. Ne3 {[%clk
00:04:40]} {[%emt 00:02:29]} Rg5 {[%clk 00:16:54]} {[%emt 00:01:14]} 30. Nxd5
{[%clk 00:04:12]} {[%emt 00:00:38]} Qxa4 {[%clk 00:14:00]} {[%emt 00:03:03]} 31.
h3 {[%clk 00:04:01]} {[%emt 00:00:21]} Qd7 {[%clk 00:05:12]} {[%emt 00:08:58]}
32. Rxg5 {[%clk 00:03:26]} {[%emt 00:00:46]} hxg5 {[%clk 00:05:08]} {[%emt
00:00:14]} 33. Qe5 {[%clk 00:03:32]} {[%emt 00:00:04]} Rh6 {[%clk 00:04:09]}
{[%emt 00:01:09]} 34. Qxg5 {[%clk 00:02:46]} {[%emt 00:00:56]} Qe6 {[%clk
00:03:28]} {[%emt 00:00:51]} 35. Qd8+ {[%clk 00:02:06]} {[%emt 00:00:51]} Kg7
{[%clk 00:03:25]} {[%emt 00:00:13]} 36. Nf4 {[%clk 00:01:40]} {[%emt 00:00:35]}
Qf6 {[%clk 00:03:05]} {[%emt 00:00:29]} 37. Qc7 {[%clk 00:00:33]} {[%emt
00:01:18]} Qd6 {[%clk 00:02:21]} {[%emt 00:00:53]} 38. Nh5+ {[%clk 00:00:21]}
{[%emt 00:00:23]} Kf8 {[%clk 00:02:00]} {[%emt 00:00:32]} 39. Qc8+ {[%clk
00:00:27]} {[%emt 00:00:04]} Ke7 {[%clk 00:02:03]} {[%emt 00:00:05]} 40. Qxb7+
{[%clk 00:00:32]} {[%emt 00:00:06]} Ke6 {[%clk 00:02:00]} {[%emt 00:00:12]} 41.
d5+ {[%clk 00:00:30]} {[%emt 00:00:13]} Ke5 {[%clk 00:01:52]} {[%emt 00:00:18]}
42. Qxf7 {[%clk 00:00:24]} {[%emt 00:00:15]} Qg6 {[%clk 00:01:24]} {[%emt
00:00:38]} 43. Qf4+ {[%clk 00:00:16]} {[%emt 00:00:19]} Kxd5 {[%clk 00:01:13]}
{[%emt 00:00:21]} 44. Qd4+ {[%clk 00:00:21]} {[%emt 00:00:04]} Kc6 {[%clk
00:01:18]} {[%emt 00:00:06]} 45. Qc4+ {[%clk 00:00:19]} {[%emt 00:00:12]} Kb6
{[%clk 00:01:18]} {[%emt 00:00:08]} 46. Qb3+ {[%clk 00:00:18]} {[%emt
00:00:13]} Ka6 {[%clk 00:01:21]} {[%emt 00:00:04]} 47. Nf4 {[%clk 00:00:19]}
{[%emt 00:00:12]} Qb1+ {[%clk 00:01:05]} {[%emt 00:00:26]} 48. Kh2 {[%clk
00:00:27]} {[%emt 00:00:02]} Rb6 {[%clk 00:01:13]} {[%emt 00:00:03]} 49. Qc4+
{[%clk 00:00:21]} {[%emt 00:00:16]} Ka7 {[%clk 00:01:21]} {[%emt 00:00:01]} 50.
Qc7+ {[%clk 00:00:25]} {[%emt 00:00:06]} Ka6 {[%clk 00:01:27]} {[%emt
00:00:02]} 51. Nd5 {[%clk 00:00:16]} {[%emt 00:00:21]} Rb7 {[%clk 00:00:57]}
{[%emt 00:00:40]} 52. Qc4+ {[%clk 00:00:18]} {[%emt 00:00:08]} Ka7 {[%clk
00:01:02]} {[%emt 00:00:05]} 53. Qc5+ {[%clk 00:00:26]} {[%emt 00:00:02]} Kb8
{[%clk 00:01:05]} {[%emt 00:00:06]} 54. Qd6+ {[%clk 00:00:25]} {[%emt
00:00:12]} Ka7 {[%clk 00:01:09]} {[%emt 00:00:05]} 55. Qc5+ {[%clk 00:00:19]}
{[%emt 00:00:17]} Kb8 {[%clk 00:01:07]} {[%emt 00:00:06]} 56. Qxa5 {[%clk
00:00:19]} {[%emt 00:00:17]} Qxb2 {[%clk 00:01:10]} {[%emt 00:00:07]} 57. Qd8+
{[%clk 00:00:19]} {[%emt 00:00:09]} Ka7 {[%clk 00:01:20]} 58. Qa5+ {[%clk
00:00:28]} Kb8 {[%clk 00:01:29]} 59. Nb4 {[%clk 00:00:13]} {[%emt 00:00:25]}
Qxc3 {[%clk 00:01:22]} {[%emt 00:00:17]} 60. Na6+ {[%clk 00:00:23]} {[%emt
00:00:01]} Kc8 {[%clk 00:01:29]} {[%emt 00:00:03]} 61. Qxc3+ {[%clk 00:00:32]}
{[%emt 00:00:01]} Kd7 {[%clk 00:01:36]} {[%emt 00:00:03]} 62. Nc5+ {[%clk
00:00:38]} {[%emt 00:00:03]} 1-0

[Event "English Schools Championship Final 2024"]
[Site "Nottingham University Kings Meadow Campus, United Kingdom"]
[Date "2024.06.27"]
[Round "1.58"]
[White "Swinburn, Barnaby"]
[Black "Karim, Taha"]
[Result "1-0"]
[TimeControl "G50' + 10\" per move."]
[WhiteElo "1447"]
[BlackElo "1692"]

1. e4 {[%clk 00:50:16]} {[%emt 00:00:03]} c5 {[%clk 00:50:14]} {[%emt
00:00:08]} 2. c3 {[%clk 00:50:17]} {[%emt 00:00:08]} d5 {[%clk 00:49:55]}
{[%emt 00:00:30]} 3. exd5 {[%clk 00:50:14]} {[%emt 00:00:11]} Qxd5 {[%clk
00:49:50]} {[%emt 00:00:15]} 4. d4 {[%clk 00:50:13]} {[%emt 00:00:13]} Nf6
{[%clk 00:49:32]} {[%emt 00:00:28]} 5. Nf3 {[%clk 00:49:56]} {[%emt 00:00:27]}
cxd4 {[%clk 00:49:07]} {[%emt 00:00:34]} 6. cxd4 {[%clk 00:48:21]} {[%emt
00:01:44]} Bg4 {[%clk 00:48:49]} {[%emt 00:00:30]} 7. Nc3 {[%clk 00:47:48]}
{[%emt 00:00:42]} Qa5 {[%clk 00:47:35]} {[%emt 00:01:24]} 8. h3 {[%clk
00:45:34]} {[%emt 00:02:24]} Bh5 {[%clk 00:46:39]} {[%emt 00:01:07]} 9. Bb5+
{[%clk 00:43:31]} {[%emt 00:02:12]} Nbd7 {[%clk 00:46:27]} {[%emt 00:00:22]} 10.
O-O {[%clk 00:42:17]} {[%emt 00:01:24]} a6 {[%clk 00:46:10]} {[%emt 00:00:28]}
11. Be2 {[%clk 00:41:23]} {[%emt 00:01:03]} e6 {[%clk 00:45:53]} {[%emt
00:00:28]} 12. Re1 {[%clk 00:39:36]} {[%emt 00:01:56]} Bd6 {[%clk 00:43:41]}
{[%emt 00:02:22]} 13. Bd2 {[%clk 00:37:50]} {[%emt 00:01:56]} Qd8 {[%clk
00:43:03]} {[%emt 00:00:48]} 14. Qb3 {[%clk 00:35:13]} {[%emt 00:02:47]} b5
{[%clk 00:42:33]} {[%emt 00:00:40]} 15. Bg5 {[%clk 00:32:59]} {[%emt 00:02:24]}
O-O {[%clk 00:42:19]} {[%emt 00:00:24]} 16. Ne4 {[%clk 00:32:01]} {[%emt
00:01:08]} Be7 {[%clk 00:42:18]} {[%emt 00:00:11]} 17. Nxf6+ {[%clk 00:30:45]}
{[%emt 00:01:25]} Nxf6 {[%clk 00:42:14]} {[%emt 00:00:16]} 18. Rad1 {[%clk
00:29:59]} {[%emt 00:00:54]} Qb6 {[%clk 00:40:57]} {[%emt 00:01:28]} 19. Ne5
{[%clk 00:29:10]} {[%emt 00:00:59]} Bxe2 {[%clk 00:40:20]} {[%emt 00:00:48]} 20.
Rxe2 {[%clk 00:29:03]} {[%emt 00:00:16]} Rfd8 {[%clk 00:39:18]} {[%emt
00:01:13]} 21. Red2 {[%clk 00:27:25]} {[%emt 00:01:47]} Rac8 {[%clk 00:35:41]}
{[%emt 00:03:46]} 22. Ng4 {[%clk 00:26:52]} {[%emt 00:00:44]} Nd5 {[%clk
00:34:04]} {[%emt 00:01:48]} 23. Bxe7 {[%clk 00:26:17]} {[%emt 00:00:44]} Nxe7
{[%clk 00:34:08]} {[%emt 00:00:04]} 24. Ne3 {[%clk 00:25:21]} {[%emt 00:01:08]}
a5 {[%clk 00:31:21]} {[%emt 00:02:57]} 25. d5 {[%clk 00:24:08]} {[%emt
00:01:23]} a4 {[%clk 00:31:17]} {[%emt 00:00:14]} 26. Qb4 {[%clk 00:23:36]}
{[%emt 00:00:42]} Nxd5 {[%clk 00:29:42]} {[%emt 00:01:46]} 27. Nxd5 {[%clk
00:23:25]} {[%emt 00:00:19]} exd5 {[%clk 00:29:07]} {[%emt 00:00:46]} 28. Rxd5
{[%clk 00:23:04]} {[%emt 00:00:30]} Rxd5 {[%clk 00:27:49]} {[%emt 00:01:29]} 29.
Rxd5 {[%clk 00:23:04]} {[%emt 00:00:08]} Rc2 {[%clk 00:26:19]} {[%emt
00:01:41]} 30. Qd4 {[%clk 00:22:10]} {[%emt 00:01:05]} Qxd4 {[%clk 00:26:01]}
{[%emt 00:00:29]} 31. Rxd4 {[%clk 00:22:10]} {[%emt 00:00:07]} Kf8 {[%clk
00:24:57]} {[%emt 00:01:15]} 32. Rb4 {[%clk 00:22:10]} {[%emt 00:00:11]} Rc5
{[%clk 00:24:46]} {[%emt 00:00:21]} 33. Kf1 {[%clk 00:21:19]} {[%emt 00:01:00]}
Ke7 {[%clk 00:24:52]} {[%emt 00:00:05]} 34. Ke2 {[%clk 00:20:43]} {[%emt
00:00:46]} Kd6 {[%clk 00:24:59]} {[%emt 00:00:04]} 35. Kd3 {[%clk 00:20:06]}
{[%emt 00:00:45]} Rd5+ {[%clk 00:24:30]} {[%emt 00:00:41]} 36. Rd4 {[%clk
00:19:58]} {[%emt 00:00:17]} Kc5 {[%clk 00:22:59]} {[%emt 00:01:41]} 37. b4+
{[%clk 00:19:16]} {[%emt 00:00:52]} axb3 {[%clk 00:22:49]} {[%emt 00:00:21]} 38.
Rxd5+ {[%clk 00:18:52]} {[%emt 00:00:32]} Kxd5 {[%clk 00:22:57]} {[%emt
00:00:03]} 39. axb3 {[%clk 00:18:48]} {[%emt 00:00:12]} Kc5 {[%clk 00:22:06]}
{[%emt 00:01:03]} 40. Kc3 {[%clk 00:18:47]} {[%emt 00:00:11]} b4+ {[%clk
00:21:10]} {[%emt 00:01:06]} 41. Kd3 {[%clk 00:18:52]} {[%emt 00:00:05]} f5
{[%clk 00:20:51]} {[%emt 00:00:29]} 42. g4 {[%clk 00:17:55]} {[%emt 00:01:07]}
f4 {[%clk 00:15:53]} {[%emt 00:05:09]} 43. Ke4 {[%clk 00:17:30]} {[%emt
00:00:13]} g5 {[%clk 00:16:02]} 44. f3 {[%clk 00:17:25]} {[%emt 00:00:37]} h6
{[%clk 00:15:56]} {[%emt 00:00:16]} 45. Ke5 {[%clk 00:17:17]} {[%emt 00:00:18]}
Kc6 {[%clk 00:15:02]} {[%emt 00:01:04]} 46. Kd4 {[%clk 00:17:14]} {[%emt
00:00:12]} Kb5 {[%clk 00:15:06]} {[%emt 00:00:06]} 47. Kd5 {[%clk 00:17:16]}
{[%emt 00:00:10]} Kb6 {[%clk 00:13:37]} {[%emt 00:01:39]} 48. Kc4 {[%clk
00:17:18]} {[%emt 00:00:08]} Ka5 {[%clk 00:13:39]} {[%emt 00:00:07]} 49. Kc5
{[%clk 00:17:24]} {[%emt 00:00:03]} 1-0

[Event "English Schools Championship Final 2024"]
[Site "Nottingham University Kings Meadow Campus, United Kingdom"]
[Date "2024.06.27"]
[Round "1.59"]
[White "Skaria, Joel"]
[Black "Ahern, Paddy"]
[Result "1-0"]
[TimeControl "G50' + 10\" per move."]
[WhiteElo "1596"]
[BlackElo "1283"]

1. e4 {[%clk 00:50:18]} {[%emt 00:00:02]} e5 {[%clk 00:50:18]} {[%emt
00:00:03]} 2. Nf3 {[%clk 00:50:26]} {[%emt 00:00:02]} Nc6 {[%clk 00:50:20]}
{[%emt 00:00:08]} 3. Bc4 {[%clk 00:50:34]} {[%emt 00:00:02]} Nf6 {[%clk
00:49:48]} {[%emt 00:00:43]} 4. Ng5 {[%clk 00:50:39]} {[%emt 00:00:04]} Nxe4
{[%clk 00:49:41]} {[%emt 00:00:15]} 5. Nxe4 {[%clk 00:49:34]} {[%emt 00:01:16]}
d5 {[%clk 00:49:44]} {[%emt 00:00:07]} 6. Bxd5 {[%clk 00:48:53]} {[%emt
00:00:52]} Qxd5 {[%clk 00:49:40]} {[%emt 00:00:13]} 7. Nbc3 {[%clk 00:48:49]}
{[%emt 00:00:15]} Qd8 {[%clk 00:48:55]} {[%emt 00:00:56]} 8. d3 {[%clk
00:48:22]} {[%emt 00:00:36]} Be7 {[%clk 00:47:25]} {[%emt 00:01:40]} 9. O-O
{[%clk 00:48:16]} {[%emt 00:00:16]} O-O {[%emt 00:00:10]} 10. f4 {[%emt
00:01:12]} f5 {[%clk 00:44:01]} {[%emt 00:02:12]} 11. Ng3 {[%clk 00:46:59]}
{[%emt 00:01:27]} Bc5+ {[%clk 00:41:31]} {[%emt 00:02:40]} 12. Kh1 {[%clk
00:46:47]} {[%emt 00:00:21]} exf4 {[%clk 00:38:19]} {[%emt 00:03:20]} 13. Bxf4
{[%clk 00:46:05]} {[%emt 00:00:54]} Re8 {[%clk 00:37:51]} {[%emt 00:00:38]} 14.
Qd2 {[%clk 00:42:07]} {[%emt 00:04:09]} Bd6 {[%clk 00:35:19]} {[%emt 00:02:42]}
15. Bxd6 {[%clk 00:41:18]} {[%emt 00:00:59]} Qxd6 {[%clk 00:35:11]} {[%emt
00:00:17]} 16. Nxf5 {[%clk 00:40:41]} {[%emt 00:00:47]} Bxf5 {[%clk 00:31:05]}
{[%emt 00:04:16]} 17. Rxf5 {[%clk 00:40:47]} {[%emt 00:00:04]} Qe6 {[%clk
00:28:03]} {[%emt 00:03:12]} 18. Raf1 {[%clk 00:39:50]} {[%emt 00:01:06]} Nd4
{[%clk 00:26:46]} {[%emt 00:01:28]} 19. R5f4 {[%clk 00:35:23]} {[%emt
00:04:38]} Ne2 {[%clk 00:22:52]} {[%emt 00:04:04]} 20. Re4 {[%clk 00:33:43]}
{[%emt 00:01:50]} Ng3+ {[%clk 00:18:58]} {[%emt 00:04:03]} 21. hxg3 {[%clk
00:33:35]} {[%emt 00:00:19]} Qg6 {[%clk 00:17:37]} {[%emt 00:01:31]} 22. Qf2
{[%clk 00:31:49]} {[%emt 00:01:55]} Qh5+ {[%clk 00:15:50]} {[%emt 00:01:57]} 23.
Kg1 {[%clk 00:31:45]} {[%emt 00:00:15]} Rf8 {[%clk 00:14:30]} {[%emt 00:01:30]}
24. Rf4 {[%clk 00:30:48]} {[%emt 00:01:07]} Rxf4 {[%clk 00:13:21]} {[%emt
00:01:18]} 25. Qxf4 {[%clk 00:30:31]} {[%emt 00:00:27]} g5 {[%clk 00:12:55]}
{[%emt 00:00:37]} 26. Qc4+ {[%clk 00:29:13]} {[%emt 00:01:27]} Kh8 {[%clk
00:12:24]} {[%emt 00:00:41]} 27. Qd4+ {[%clk 00:29:03]} {[%emt 00:00:20]} Kg8
{[%clk 00:12:07]} {[%emt 00:00:27]} 28. Qd5+ {[%clk 00:28:56]} {[%emt
00:00:17]} Kg7 {[%clk 00:10:02]} {[%emt 00:02:16]} 29. Qe5+ {[%clk 00:27:59]}
{[%emt 00:01:07]} Kh6 {[%clk 00:09:16]} {[%emt 00:00:56]} 30. Nd5 {[%clk
00:24:26]} {[%emt 00:03:42]} g4 {[%emt 00:00:58]} 31. Rf6+ {[%emt 00:00:13]}
Qg6 {[%clk 00:07:52]} {[%emt 00:00:23]} 32. Rxg6+ {[%clk 00:24:13]} {[%emt
00:00:24]} hxg6 {[%clk 00:07:59]} {[%emt 00:00:02]} 33. Nf6 {[%clk 00:23:55]}
{[%emt 00:00:28]} Rh8 {[%clk 00:06:37]} {[%emt 00:01:31]} 34. Nxg4+ {[%clk
00:23:58]} {[%emt 00:00:09]} 1-0

[Event "English Schools Championship Final 2024"]
[Site "Nottingham University Kings Meadow Campus, United Kingdom"]
[Date "2024.06.27"]
[Round "1.60"]
[White "Comer, Rufus"]
[Black "Alexander, Ryan"]
[Result "1-0"]
[TimeControl "G50' + 10\" per move."]
[BlackFideId "474517"]
[WhiteElo "1658"]
[BlackElo "1371"]

1. e4 {[%clk 00:50:14]} {[%emt 00:00:05]} c5 {[%clk 00:50:16]} {[%emt
00:00:05]} 2. Nf3 {[%clk 00:50:03]} {[%emt 00:00:21]} Nc6 {[%clk 00:50:07]}
{[%emt 00:00:19]} 3. Bb5 {[%clk 00:49:56]} {[%emt 00:00:16]} a6 {[%clk
00:49:45]} {[%emt 00:00:34]} 4. Bxc6 {[%clk 00:49:33]} {[%emt 00:00:29]} dxc6
{[%clk 00:48:23]} {[%emt 00:00:16]} 5. d3 {[%clk 00:49:41]} Bg4 {[%clk
00:47:43]} {[%emt 00:02:12]} 6. h3 {[%clk 00:49:41]} {[%emt 00:00:09]} Bxf3
{[%clk 00:47:41]} {[%emt 00:00:13]} 7. Qxf3 {[%clk 00:49:13]} {[%emt 00:00:36]}
e5 {[%clk 00:47:33]} {[%emt 00:00:20]} 8. Be3 {[%clk 00:48:08]} {[%emt
00:01:13]} Qb6 {[%clk 00:46:36]} {[%emt 00:01:08]} 9. b3 {[%clk 00:47:13]}
{[%emt 00:01:05]} Bd6 {[%clk 00:46:14]} {[%emt 00:00:32]} 10. Nd2 {[%clk
00:47:05]} {[%emt 00:00:17]} Qb4 {[%clk 00:45:24]} {[%emt 00:01:00]} 11. O-O
{[%clk 00:46:54]} {[%emt 00:00:21]} b5 {[%clk 00:44:55]} {[%emt 00:00:40]} 12.
Nb1 {[%clk 00:46:02]} {[%emt 00:00:53]} Qa5 {[%clk 00:43:29]} {[%emt 00:01:45]}
13. Bd2 {[%clk 00:45:33]} {[%emt 00:00:39]} b4 {[%clk 00:43:02]} {[%emt
00:00:38]} 14. c3 {[%clk 00:44:40]} {[%emt 00:01:02]} Ne7 {[%clk 00:42:27]}
{[%emt 00:00:46]} 15. Rc1 {[%clk 00:43:19]} {[%emt 00:01:30]} O-O {[%clk
00:42:08]} {[%emt 00:00:30]} 16. Be3 {[%clk 00:42:33]} {[%emt 00:00:56]} Rac8
{[%clk 00:41:03]} {[%emt 00:01:15]} 17. Nd2 {[%clk 00:41:17]} {[%emt 00:01:23]}
Qc7 {[%clk 00:39:09]} {[%emt 00:02:07]} 18. Nc4 {[%clk 00:41:17]} {[%emt
00:00:09]} f5 {[%clk 00:39:02]} {[%emt 00:00:17]} 19. d4 {[%clk 00:38:52]}
{[%emt 00:02:35]} exd4 {[%clk 00:37:12]} {[%emt 00:02:00]} 20. cxd4 {[%clk
00:38:53]} {[%emt 00:00:07]} Bh2+ {[%clk 00:37:12]} {[%emt 00:00:12]} 21. Kh1
{[%clk 00:38:00]} {[%emt 00:01:02]} fxe4 {[%clk 00:35:59]} {[%emt 00:01:24]} 22.
Qxe4 {[%clk 00:37:29]} {[%emt 00:00:39]} Nf5 {[%clk 00:35:42]} {[%emt
00:00:29]} 23. Qe6+ {[%clk 00:35:15]} {[%emt 00:02:24]} Kh8 {[%clk 00:35:28]}
{[%emt 00:00:25]} 24. g3 {[%clk 00:33:30]} {[%emt 00:01:54]} Rce8 {[%clk
00:35:03]} {[%emt 00:00:36]} 25. Bf4 {[%clk 00:31:30]} {[%emt 00:02:10]} Qb7
{[%clk 00:31:56]} {[%emt 00:03:16]} 26. Nd6 {[%clk 00:31:24]} {[%emt 00:00:16]}
Nxd6 {[%clk 00:29:38]} {[%emt 00:02:29]} 27. Qxd6 {[%clk 00:31:28]} {[%emt
00:00:05]} Rf6 {[%clk 00:26:55]} {[%emt 00:02:53]} 28. Re1 {[%clk 00:30:07]}
{[%emt 00:01:31]} Ref8 {[%clk 00:25:30]} {[%emt 00:01:35]} 29. Qxc5 {[%clk
00:29:53]} {[%emt 00:00:20]} Rf5 {[%clk 00:24:05]} {[%emt 00:01:39]} 30. Re5
{[%clk 00:29:57]} {[%emt 00:00:06]} g6 {[%emt 00:03:54]} 31. Rxf5 {[%clk
00:29:51]} Rxf5 {[%clk 00:20:08]} {[%emt 00:00:40]} 32. Be5+ {[%clk 00:27:55]}
{[%emt 00:02:05]} Kg8 {[%clk 00:19:41]} {[%emt 00:00:37]} 33. Qc4+ {[%clk
00:26:52]} {[%emt 00:01:13]} Rf7 {[%clk 00:19:07]} {[%emt 00:00:44]} 34. Kxh2
{[%clk 00:26:31]} {[%emt 00:00:29]} c5 {[%clk 00:18:23]} {[%emt 00:00:56]} 35.
Rd1 {[%clk 00:26:24]} {[%emt 00:00:16]} Kf8 {[%clk 00:17:46]} {[%emt 00:00:47]}
36. Qxc5+ {[%clk 00:26:16]} {[%emt 00:00:17]} Ke8 {[%clk 00:17:24]} {[%emt
00:00:35]} 37. d5 {[%clk 00:26:11]} {[%emt 00:00:14]} a5 {[%clk 00:16:32]}
{[%emt 00:01:02]} 38. Qc6+ {[%clk 00:26:00]} {[%emt 00:00:22]} Qxc6 {[%clk
00:16:03]} {[%emt 00:00:38]} 39. dxc6 {[%clk 00:26:04]} {[%emt 00:00:04]} Rxf2+
{[%clk 00:15:47]} {[%emt 00:00:28]} 40. Kg1 {[%clk 00:26:09]} {[%emt 00:00:05]}
Rc2 {[%clk 00:15:31]} {[%emt 00:00:26]} 41. c7 {[%clk 00:25:52]} {[%emt
00:00:27]} Ke7 {[%clk 00:14:52]} {[%emt 00:00:49]} 42. Rd8 {[%clk 00:25:43]}
{[%emt 00:00:19]} Rc1+ {[%clk 00:13:57]} {[%emt 00:01:06]} 43. Kf2 {[%clk
00:25:49]} {[%emt 00:00:04]} Rc2+ {[%clk 00:13:24]} {[%emt 00:00:42]} 44. Kf3
{[%clk 00:25:53]} {[%emt 00:00:06]} Ke6 {[%clk 00:12:48]} {[%emt 00:00:46]} 45.
c8=Q+ {[%clk 00:25:34]} {[%emt 00:00:29]} Rxc8 {[%clk 00:12:52]} {[%emt
00:00:06]} 46. Rxc8 {[%clk 00:25:00]} {[%emt 00:00:43]} Kxe5 {[%clk 00:12:58]}
{[%emt 00:00:05]} 47. Rc5+ {[%clk 00:24:22]} {[%emt 00:00:47]} Kd4 {[%clk
00:12:58]} {[%emt 00:00:11]} 48. Rxa5 {[%clk 00:24:25]} {[%emt 00:00:04]} Kc3
{[%clk 00:13:05]} {[%emt 00:00:06]} 49. Ra4 {[%clk 00:23:50]} {[%emt 00:00:37]}
h6 {[%clk 00:13:02]} {[%emt 00:00:21]} 50. Kf4 {[%clk 00:23:55]} {[%emt
00:00:04]} Kb2 {[%clk 00:12:27]} {[%emt 00:00:46]} 51. Rxb4 {[%clk 00:23:47]}
{[%emt 00:00:15]} Kxa2 {[%clk 00:12:34]} {[%emt 00:00:06]} 52. Rb6 {[%clk
00:23:43]} {[%emt 00:00:08]} g5+ {[%clk 00:12:16]} {[%emt 00:00:34]} 53. Kf5
{[%clk 00:23:49]} {[%emt 00:00:03]} Ka3 {[%clk 00:12:18]} {[%emt 00:00:09]} 54.
Rxh6 {[%clk 00:23:29]} {[%emt 00:00:27]} Kxb3 {[%clk 00:12:25]} {[%emt
00:00:06]} 55. Kxg5 {[%clk 00:23:15]} {[%emt 00:00:13]} Kc3 {[%emt 00:00:28]}
56. Rf6 {[%clk 00:23:06]} Kd4 {[%clk 00:12:30]} {[%emt 00:00:17]} 57. h4 {[%clk
00:23:13]} {[%emt 00:00:01]} Ke5 {[%clk 00:12:37]} {[%emt 00:00:05]} 58. h5
{[%clk 00:22:55]} {[%emt 00:00:29]} Ke4 {[%clk 00:12:31]} {[%emt 00:00:15]} 59.
h6 {[%clk 00:22:59]} {[%emt 00:00:06]} Ke5 {[%clk 00:12:38]} {[%emt 00:00:03]}
60. h7 {[%clk 00:23:03]} {[%emt 00:00:06]} Ke4 {[%clk 00:12:45]} {[%emt
00:00:04]} 61. h8=Q {[%clk 00:22:54]} {[%emt 00:00:18]} Kd5 {[%clk 00:12:49]}
{[%emt 00:00:06]} 62. Qe8 {[%clk 00:22:49]} {[%emt 00:00:15]} Kc5 {[%clk
00:12:22]} {[%emt 00:00:37]} 63. Qc6+ {[%clk 00:22:41]} {[%emt 00:00:17]} Kd4
{[%clk 00:12:11]} {[%emt 00:00:22]} 64. Rd6+ {[%clk 00:22:44]} {[%emt
00:00:06]} Ke3 {[%clk 00:12:14]} {[%emt 00:00:07]} 65. Qc4 {[%clk 00:22:27]}
{[%emt 00:00:27]} Kf3 {[%clk 00:12:04]} {[%emt 00:00:22]} 66. Qf4+ {[%clk
00:22:07]} {[%emt 00:00:30]} Ke2 {[%clk 00:11:16]} {[%emt 00:00:58]} 67. Rd2+
{[%clk 00:22:09]} {[%emt 00:00:05]} Ke1 {[%clk 00:10:51]} {[%emt 00:00:36]} 68.
Qf2# {[%emt 00:01:10]} 1-0